| 000 | 00418nam a2200109Ia 4500 | ||
|---|---|---|---|
| 008 | 180116s9999 xx 000 0 und d | ||
| 020 | _a9781119053330 | ||
| 100 | _aWill, Yvonne | ||
| 245 |
_cYvonne Will, J. Eric McDuffie, Andrew J. Olaharski, Brandon D. Jeffy _aDrug Discovery Toxicology : _bfrom target ssessment to translational biomakers / |
||
| 260 |
_aNew Jersey _bJohn Wiley & Sons, Inc _c2016 |
||
| 300 | _a556 pages | ||
| 999 |
_c353242 _d353242 |
||